Twentieth century unlimited, from the vantage point of the first fifty years
Guardat en:
| Autor principal: | |
|---|---|
| Format: | Llibre |
| Idioma: | Undetermined |
| Publicat: |
New York
J. B. Lippincott Company
1950
|
| Matèries: | |
| Etiquetes: |
Afegir etiqueta
Sense etiquetes, Sigues el primer a etiquetar aquest registre!
|
| Thư viện lưu trữ: | Trung tâm Học liệu Trường Đại học Cần Thơ |
|---|
| LEADER | 00523nam a2200181Ia 4500 | ||
|---|---|---|---|
| 001 | CTU_85119 | ||
| 008 | 210402s9999 xx 000 0 und d | ||
| 082 | |a 909 | ||
| 082 | |b B649 | ||
| 100 | |a Bliven, Bruce | ||
| 245 | 0 | |a Twentieth century unlimited, from the vantage point of the first fifty years | |
| 245 | 0 | |c Bruce Bliven | |
| 260 | |a New York | ||
| 260 | |b J. B. Lippincott Company | ||
| 260 | |c 1950 | ||
| 650 | |a Twentieth century | ||
| 904 | |i Mai Loan | ||
| 980 | |a Trung tâm Học liệu Trường Đại học Cần Thơ | ||